| 000 | 01352cam a22003011i 4500 | ||
|---|---|---|---|
| 003 | SA-RiAUC | ||
| 005 | 20250421080933.0 | ||
| 008 | 250210s1966 le a g d 000 0 ara c | ||
| 040 |
_aSA-MaUQU _bara _cSA-RiAUC. _erda |
||
| 050 | 4 | _b.M35 1966 | |
| 082 | 0 | 4 |
_a413 _qSA-RiAUC |
| 090 |
_a413 _b ل و ي |
||
| 100 | 1 |
_aلويس معلوف، لويس بن نقولا ضاهر، _d1284-1365 هجري _eمؤلف. |
|
| 245 | 1 | 2 |
_aالمنجد في اللغة والأدب والعلوم / _cلويس معلوف. |
| 250 | _aالطبعة التاسعة عشر، جديدة. | ||
| 264 | 1 |
_a[مكان النشر غير محدد] : _b[الناشر غير محدد]، _c1966 |
|
| 264 | 3 |
_aبيروت : _bالمطبعة الكاثوليكية |
|
| 300 |
_aمجلد : _bإيضاحيات ؛ _c22 سم |
||
| 336 |
_aنص _btxt _2rdacontent _3كتاب |
||
| 337 |
_aبدون وسيط _bn _2rdamedia |
||
| 338 |
_aمجلد _bnc _2rdacarrier |
||
| 500 | _a2 مجلد ببليوجرافي في 1 مجلد مادي. | ||
| 500 | _aتاريخ النشر مأخوذ من نهاية الكتاب. | ||
| 505 | 0 | _aالمحتويات : مجلد 1. المنجد في اللغة-مجلد 2. المنجد في الأدب والعلوم. | |
| 650 | 7 |
_aاللغة العربية _vمعاجم _2aucsh |
|
| 942 |
_2ddc _cBOOK _n0 |
||
| 949 |
_aSA-JeALM _d250210 _uosman123 _n1 |
||
| 999 |
_c7262 _d7262 |
||